| 000 | 00342nam a2200109Ia 4500 | ||
|---|---|---|---|
| 008 | 171211s9999 xx 000 0 und d | ||
| 245 | 2 | _aA Pot of Marmalade: The ultimate guide to making and cooking with marmalade | |
| 245 | _cSarah Randell | ||
| 260 | _c2016 | ||
| 650 | _xCOOKBOOKS | ||
| 856 | _uhttp://down.ebook777.com/062/9781444784312.pdf | ||
| 999 |
_c348157 _d348157 |
||